Lanean...
The law of tort
| Egile nagusia: | |
|---|---|
| Formatua: | Printed Book |
| Argitaratua: |
London
Lexis nexis Buttorworths
2007
|
| Edizioa: | ed.2 |
| Gaiak: |
| LEADER | 00545nam a22001697a 4500 | ||
|---|---|---|---|
| 020 | |a 978 81 8038 501 8 | ||
| 074 | |a 6243 | ||
| 082 | |a 346.03 OLI'07 | ||
| 100 | |a ed. Oliphant,Ken |9 1874 | ||
| 245 | |a The law of tort |c ed. ken oliphant | ||
| 250 | |a ed.2 | ||
| 260 | |a London |b Lexis nexis Buttorworths |c 2007 | ||
| 300 | |a ccxxvii,1734p. | ||
| 500 | |a include index | ||
| 653 | |a tort |a civil law |a law | ||
| 999 | |c 4023 |d 4023 | ||
| 952 | |0 0 |1 0 |2 ddc |4 0 |6 346_030000000000000_OLI07 |7 1 |8 REF |9 5124 |a NUALS |b NUALS |c REF |d 2010-03-25 |l 0 |o 346.03 OLI'07 |p 6243 |r 2016-06-03 |y REF | ||